00885nam a2200265 a 4500001001300000003000900013005001700022008004100039020001000080082001500090100002300105245002500128260004500153300000900198500003500207505001000242505010700252650002100359700002300380902000800403942000700411952009400418952009400512999001300606nice12345678IN_TiNIC20260116011313.0050524s1927 newa grp 000 0 eng  ac10000a200.9bMOO aMoore, George Foot aHistory of Religions aNew YorkbCharles Scribner`s Sons,c1927 a651p aincludes index and biblioraphy2 aIndex2 aIndex00gV 1.tChina Japan Egypt Babylonia India Persia Greece Ro.--gV 2.tJudaism Christianity Moham aReligion-History1 aMoore, George Foot bSRS cBK 00104070aHMIbHMId2016-03-11g100.00l0o200.9 MOOp654r0000-00-00w2026-01-16yARB 00104070aHMIbHMId2016-03-11g100.00l0o200.9 MOOp655r0000-00-00w2026-01-16yARB c347d347